000 00611nam a2200265Ia 4500
008 210210b2009 xxu||||| |||| 00| 0 eng d
020 _a9788184121094
041 _aeng
082 _a657.42 AGRC
100 _aAGRAWAL (N K)
245 _aCost accouting: concepts and methods Ed 2
250 _a
260 _aNew Delhi
_bAsian Books Pvt Ltd.
_c2009
300 _aviii,412
650 _amethods
650 _aEd
650 _aCost
650 _aconcepts
650 _aand
650 _aaccouting:
650 _a2
690 _aCost Accounting
700 _aJAIN (Deepali)
906 _a064905
999 _c141921
_d141921